<?xml version="1.0" encoding="UTF-8"?>
<record
    xmlns:xsi="http://www.w3.org/2001/XMLSchema-instance"
    xsi:schemaLocation="http://www.loc.gov/MARC21/slim http://www.loc.gov/standards/marcxml/schema/MARC21slim.xsd"
    xmlns="http://www.loc.gov/MARC21/slim">

  <leader>01285nam a2200217   4500</leader>
  <datafield tag="999" ind1=" " ind2=" ">
    <subfield code="c">6770</subfield>
    <subfield code="d">6770</subfield>
  </datafield>
  <controlfield tag="003">DO-SdBJH</controlfield>
  <controlfield tag="005">20220314183253.0</controlfield>
  <controlfield tag="008">220314b           ||||| |||| 00| 0 spa d</controlfield>
  <datafield tag="020" ind1=" " ind2=" ">
    <subfield code="a">9782940396450</subfield>
  </datafield>
  <datafield tag="040" ind1=" " ind2=" ">
    <subfield code="a">DO-SdBJH</subfield>
    <subfield code="b">spa</subfield>
    <subfield code="c">DO-SdBJH</subfield>
  </datafield>
  <datafield tag="082" ind1=" " ind2=" ">
    <subfield code="a">028.7</subfield>
    <subfield code="b">000492</subfield>
  </datafield>
  <datafield tag="110" ind1=" " ind2="1">
    <subfield code="4">Comit&#xE9; Internacional de la Cruz Roja</subfield>
  </datafield>
  <datafield tag="245" ind1="1" ind2="0">
    <subfield code="a">Manual de Normas Internacionales que rigen las Operaciones Militares </subfield>
    <subfield code="c">Comit&#xE9; Internacional de la Cruz Roja</subfield>
  </datafield>
  <datafield tag="260" ind1=" " ind2=" ">
    <subfield code="a">Suisa</subfield>
    <subfield code="b">CICR</subfield>
    <subfield code="c">2019</subfield>
  </datafield>
  <datafield tag="300" ind1=" " ind2=" ">
    <subfield code="a">486 p&#xE1;ginas</subfield>
  </datafield>
  <datafield tag="505" ind1=" " ind2=" ">
    <subfield code="a">1-- Integraci&#xF3;n del derecho.  2-- Normas internacionales b&#xE1;sicas sobre operaciones militares.  3-- Definiciones.  4-- obligaciones generales durante los combates.  -5-- Ataques.  6-- M&#xE9;todos y medio de guerra. 7-- Detenci&#xF3;n e internamiento en conflictos armados.  8-- Responsabilidad de los mandos superiores.  9-- Asuntos penales y mecanismos de aplicaci&#xF3;n.  10-- log&#xED;stica.  11-- Control estrat&#xE9;gico de los conflictos armados.  12-- Ocupaci&#xF3;n.  13-- Neutralidad.  14-- Operaciones para hacer cumplir la ley.  15-- Operaciones de apoyo a la paz.</subfield>
  </datafield>
  <datafield tag="650" ind1=" " ind2=" ">
    <subfield code="v">Documento de referencia</subfield>
    <subfield code="x">Res&#xFA;menes</subfield>
  </datafield>
  <datafield tag="650" ind1=" " ind2=" ">
    <subfield code="a">Derecho</subfield>
    <subfield code="v">Conflictos armados</subfield>
  </datafield>
  <datafield tag="650" ind1=" " ind2=" ">
    <subfield code="a">Derecho internacional</subfield>
    <subfield code="v">Derechos humanos</subfield>
    <subfield code="x">Operaciones militares </subfield>
    <subfield code="y">Contempor&#xE1;nea</subfield>
  </datafield>
  <datafield tag="942" ind1=" " ind2=" ">
    <subfield code="2">ddc</subfield>
    <subfield code="c">BK</subfield>
  </datafield>
  <datafield tag="952" ind1=" " ind2=" ">
    <subfield code="0">0</subfield>
    <subfield code="1">0</subfield>
    <subfield code="2">ddc</subfield>
    <subfield code="4">0</subfield>
    <subfield code="7">0</subfield>
    <subfield code="8">CG</subfield>
    <subfield code="a">BAMBC</subfield>
    <subfield code="b">BAMBC</subfield>
    <subfield code="c">GEN</subfield>
    <subfield code="d">2022-03-14</subfield>
    <subfield code="i">18-AERD--000492</subfield>
    <subfield code="l">0</subfield>
    <subfield code="o">RD028.7 C733m 2019</subfield>
    <subfield code="p">18-AERD--000492</subfield>
    <subfield code="r">2022-03-14 00:00:00</subfield>
    <subfield code="t">Ej. 1</subfield>
    <subfield code="w">2022-03-14</subfield>
    <subfield code="y">BK</subfield>
  </datafield>
</record>
